| 000 | 00549cam a2200181 a 4500 | ||
|---|---|---|---|
| 001 | 000018258 | ||
| 005 | 20200929165426.0 | ||
| 008 | 740516s1932 nyua 000 0 eng d | ||
| 040 |
_aDO-SdBNP _cOTU _dDLC _dBNPHU |
||
| 082 |
_annnn _bD789s |
||
| 100 | 1 |
_aDrouét, Bessie Clarke, _d1940- _939549 |
|
| 245 | 1 | 0 |
_aStation Astral / _cBessie Clarke Drouét. |
| 260 |
_aNew York ; _aLondon : _bG. P. Putnam's Sons, _c1932. |
||
| 300 |
_axi, 290 p. : _billus. ; _c21 cm. |
||
| 650 | 0 |
_aSpiritualism _939550 |
|
| 910 | _aCatalogación derivada | ||
| 049 | _aBNGR | ||
| 999 |
_c17779 _d17779 |
||